000 00775nam a2200253Ia 4500
003 OSt
005 20220928113610.0
006 a|||||r|||| 00| 0
007 ta
008 220927b |||||||| |||| 00| 0 eng d
020 _cUKP 22.00
024 _a140471
037 _b42, 12/01/2019, Kiran Book Service
_cTextual
040 _aSDCL
_cSDCL
_beng
041 _2eng
_aeng
082 _aO-,3M821:g, Q5
100 _aRyan Derek
_9434016
245 0 _aVirginia woolf and the materiality of theory
_b sex, animal, life
260 _aEndinburgh
_bEndinburgh university press
_c2015
300 _avii,221p.
_ccm.
650 _aEnglish
942 _hO-,3M821:g, Q5
_cTEXL
_2CC
999 _c750412
_d750412